All i-dle songs - Statistics

General Stats
  • This quiz has been taken 20 times
  • The average score is 62 of 81
Answer Stats
Hint Answer % Correct
s Allergy
100%
s DUMDi DUMDi
100%
s LATATA
100%
s Nxde
100%
s Oh my god
100%
s Queencard
100%
ss Senorita
100%
s TOMBOY
100%
s Uh-Oh
100%
s All Night
89%
s Blow Your Mind
89%
s DAHLIA
89%
ss Eyes Roll
89%
s Good Thing
89%
s HWAA
89%
ss I DO
89%
s i'M THE TREND
89%
sss I Want That
89%
s Klaxon
89%
s Last Dance
89%
s LION
89%
s LOVE
89%
s Maybe
89%
ss MAZE
89%
s MY BAG
89%
ss Paradise
89%
sss Peter pan
89%
sss POLAROID
89%
s Reset
89%
s Revenge
89%
s Sculpture
89%
s Super Lady
89%
s Tall Trees
89%
s Bloom
78%
ss Change
78%
s DARK (X-file)
78%
s Doll
78%
s $$$ (DOLLAR)
78%
sss ESCAPE
78%
s Fate
78%
s Girlfriend
78%
ss HANN (Alone)
78%
s HANN (Alone in winter)
78%
s Love Tease
78%
s Lucid
78%
s MOON
78%
s MORE
78%
s Neverland
78%
sss Never Stop Me
78%
ss Put It Straight
78%
s THE BADDEST
78%
sss VILLAIN DIES
78%
ss What's in your house?
78%
s Where is love
78%
s Chain
67%
ss DON'T TEXT ME
67%
ssssss Flip It
67%
s If you Want
67%
s Last Forever
67%
s LIAR
67%
s Light My Fire
67%
s LOST
67%
s Luv U
67%
ss POP/STARS
67%
s Rollie
67%
s This Time Around
67%
s Tung-Tung - Empty
67%
s Unstoppable
67%
s Vision
67%
ss What's Your Name
67%
s 7 Days
56%
s Wife
56%
sss ALREADY
44%
ss Hear me
44%
s Help Me
44%
s Put It Straight - Nightmare Version
44%
s For You
33%
ss Give Me Your
33%
sss Relay
33%
s Upgrade
22%
s Young & One
22%
No matching quizzes found
Score Distribution
Percent of People with Each Score
Percentile by Number Answered
Your Score History
You have not taken this quiz